1490 1857 1943 1351 1184 1934 1950 1924 1512 1532 1647 1089 1145 1192 1708 1407 1718 1933 1077 1981 1238 1858 1697 1231 1806 1833 1222 1336 1741 1808 1012 1647 1477 1391 1864 1818 1284 1289 1456 1189 1283 1714 1945 1873 1579 1133 1895 1322 1359 1927 1083 1324 1418 1349 1134 1136 1562 1924 1902 1190 1476 1072 1102 1742 1107 1684 1412 1560 1623 1706 1448 1174 1694 1515 1894 1076 1028 1740 1544 1594 1150 1843 1286 1393 1311 1666 1941 1769 1938 1229 1989 1201 1455 1149 1423 1651 1020 1135 1895 BCNSPRNW ULIB Ver.6.0+V

เปลี่ยนเป็นภาษาไทย

Change to English
 แสดงรายละเอียดบรรณานุกรม
  กลับหน้าหลัก

Brief Record : Get Marc (ISO 2709) : E-mail record : QR code < ปิดหน้าต่าง
LEADER : 00000nam 2200000uu 4500
001    13399109511
003     ULIB
008    110404s2545||||th 000 0 tha d
020    9749021444 (ล.2)
060 04 WB293^bอ365ร ล.2 2545
100 0  อรรถสิทธิ์ เวชชาชีวะ
245 10 เรียนอายุรศาสตร์จากกรณีผู้ป่วย 2 /^cอรรถสิทธิ์ เวชชาชีวะ
250    พิมพ์ครั้งที่ 1
260    กรุงเทพฯ :^bคณะแพทยศาสตร์โรงพยาบาลรามาธิบดีมหาวิทยาลัยมหิดล,^c2545
300    5 ล. ;^c21 ซม.
440  0 เรียนอายุรศาสตร์จากกรณีผู้ป่วย ;^vลำดับที่ 1
440  0 เรียนอายุรศาสตร์จากกรณีผู้ป่วย ;^vลำดับที่ 2
440  0 เรียนอายุรศาสตร์จากกรณีผู้ป่วย ;^vลำดับที่ 3
440  0 เรียนอายุรศาสตร์จากกรณีผู้ป่วย ;^vลำดับที่ 4
440  0 เรียนอายุรศาสตร์จากกรณีผู้ป่วย ;^vลำดับที่ 5
591    LINS มี ล.1
591    LIPY มี ล.2 (2545)
591    LIRV มี ล.3 (2546), ล.4 (2548), ล.5 (2549)
591    LISI มี ล.1-5
591    LICL มี ล.1-2
591    LIRA มี ล. 1, 4, 5 (2549)
650  7 อายุรศาสตร์
710 2  มหาวิทยาลัยมหิดล. ^bคณะแพทยศาสตร์โรงพยาบาลรามาธิบดี
945    ^p210^l0^i017102
945    ^p210^l0^i017101
945    ^p210^l0^i014664
945    ^p210^l0^i014662
945    ^p210^l0^i014663
995    ทศพร
999 ^a ใช้งานได้ทุกระบบ
รายการนี้ยังไม่มีแท็ก
คุณยังไม่ได้ล็อกอิน คุณสามารถมีกิจกรรมร่วมกับเว็บไซต์ได้ แต่ต้องล็อกอินก่อน ::
  ล็อกอิน

รายการสื่อสารสนเทศ

ลำดับที่ ประเภท เลขเรียก/บาร์โค้ด สถานที่ สถานะ
- ไม่พบข้อมูล -

รายการใกล้เคียง
    หัวเรื่อง [อายุรศาสตร์]

BibComment


ยังไม่เคยถูกคอมเมนท์

คอมเมนท์ทรัพยากรรายการนี้
  คอมเมนท์: เรียนอายุรศาสตร์จ..


 Copyright 2026. Bcnsprnw @Library